|
|
|
|
| LEADER |
00000nac a22000007a 4500 |
| 003 |
Ucuenca |
| 005 |
20240208122954.0 |
| 008 |
181212b2014 ck ||||| |||| 00| 0 spa d |
| 999 |
|
|
|c 156436
|d 156436
|
| 020 |
|
|
|a 978-958-749-391-7
|
| 040 |
|
|
|b spa
|a UCuenca-cdrjbv
|c UCuenca
|e rda
|
| 041 |
|
|
|a spa
|
| 082 |
0 |
|
|a 362.829 2
|
| 100 |
1 |
|
|9 231747
|a Hernández Gómez, Jorge Luis
|
| 245 |
|
3 |
|a El delito de violencia intrafamiliar: estudios socio jurídicos
|c Jorge Luis Hernández Gómez
|
| 264 |
|
|
|a Bogotá
|b Grupo Editoriañ Ibáñez
|c 2014
|
| 300 |
|
|
|a 103 páginas:
|c 20 cm
|
| 336 |
|
|
|2 rdacontent
|a texto
|b txt
|
| 337 |
|
|
|2 rdamedia
|a no mediado
|b n
|
| 338 |
|
|
|2 rdacarrier
|a volumen
|b nc
|
| 490 |
|
|
|a Estudios Breves
|n no. 8
|
| 505 |
1 |
|
|a Causas y conseuencias de la violencia intrafamiliar -- denuncia de violencia intrafamiliar -- Entidad familiar: transmisora de psicopatologías -- Derechos del menor ante un proceso de separación -- Lazos afectivos entre víctima y agresor -- La orden de alejamiento -- Mutilación genital femenina -- El trabajo estradoméstico y las relaciones de género -- Difusión indiscriminada de contenidos en los medios de comunicación -- La discriminación por razón de sexo y el derecho penal -- Discriminación positiva.
|
| 650 |
|
0 |
|9 95108
|a Maltrato intrafamiliar
|
| 650 |
|
7 |
|a Discriminación
|9 4931
|
| 650 |
|
7 |
|a Familias
|9 107
|
| 650 |
|
0 |
|a Violencia
|9 2107
|
| 942 |
|
|
|c CR
|z erika.penafielv@ucuenca.edu.ec
|2 ddc
|